| 000 | 00000nam##2200000za#4500 |
| 001 | 9.647789 |
| 003 | CaOODSP |
| 005 | 20210615112757 |
| 007 | ta |
| 008 | 150407|2000||||xxc||||| f|0| 0 eng|d |
| 020 | |a0-660-18222-X |
| 040 | |aCaOODSP|beng |
| 043 | |an-cn--- |
| 086 | 1 |aF2-97/2-2000E |
| 110 | 1 |aCanada.|bDepartment of Finance.|bMinister of Finance. |
| 245 | 10|aRevised explanatory notes relating to income tax / |cIssued by the Minister of Finance, the Honourable Paul Martin, P.C., M.P. |
| 260 | |aOttawa - Ontario : |bFinance Canada. |c2000. |
| 300 | |a115p. ; |c23 cm. |
| 563 | |aSoftcover |
| 590 | |a00-28|b2000-07-14 |
| 690 | 07|aIncome tax|2gcpds |
| 690 | 07|aAmendments|2gcpds |
| 720 | 1 |aMartin, Paul |
| 775 | 08|tNotes explicatives révisées concernant l'impôt sur le revenu / |w(CaOODSP)9.681170 |
| 776 | 0#|tRevised explanatory notes relating to income tax / |w(CaOODSP)9.698470 |